<?xml version="1.0" encoding="UTF-8"?>
<collection xmlns="http://www.loc.gov/MARC21/slim">
 <record>
  <leader>00602nam a22001695a 4500</leader>
  <controlfield tag="001">EHU.bham041827</controlfield>
  <controlfield tag="003">AR-BHAM</controlfield>
  <controlfield tag="005">20121109110520.0</controlfield>
  <controlfield tag="008">130507s1905##################000#0#####d</controlfield>
  <datafield tag="082" ind1="5" ind2="7">
   <subfield code="a">571.982</subfield>
  </datafield>
  <datafield tag="100" ind1="1" ind2=" ">
   <subfield code="a">Outes, Félix F.</subfield>
  </datafield>
  <datafield tag="245" ind1="1" ind2="0">
   <subfield code="a">Sobre un instrumento paleolítico de luján, provincia de buenos aires  /</subfield>
   <subfield code="c"> Félix F. Outes</subfield>
  </datafield>
  <datafield tag="260" ind1=" " ind2=" ">
   <subfield code="a">Buenos Aires :</subfield>
   <subfield code="b">Imprenta de Juan A. Alsina,</subfield>
   <subfield code="c">1905</subfield>
  </datafield>
  <datafield tag="300" ind1=" " ind2=" ">
   <subfield code="a">p.gs.: 169-173</subfield>
  </datafield>
  <datafield tag="653" ind1=" " ind2=" ">
   <subfield code="a">Paleontología argentina</subfield>
  </datafield>
  <datafield tag="653" ind1=" " ind2=" ">
   <subfield code="a">Luján. provincia de buenos aires-paleontología</subfield>
  </datafield>
  <datafield tag="859" ind1=" " ind2=" ">
   <subfield code="a">AR-BHAM</subfield>
   <subfield code="b">BIB. HUMANIDADES - General</subfield>
   <subfield code="h">571.982</subfield>
   <subfield code="i">Ou8</subfield>
   <subfield code="p">39.12</subfield>
   <subfield code="t">Ej.1</subfield>
  </datafield>
 </record>
</collection>
